Bridge equipment and watchkeeping notes (Record no. 2600)

000 -LEADER
fixed length control field 00451nam a2200169Ia 4500
008 - FIXED-LENGTH DATA ELEMENTS--GENERAL INFORMATION
fixed length control field 200103s ||||xx |||||||||||||| ||und||
082 ## - DEWEY DECIMAL CLASSIFICATION NUMBER
Classification number 658.408
Item number FER
100 ## - MAIN ENTRY--PERSONAL NAME
Personal name Fernandes, Edrich
245 #0 - TITLE STATEMENT
Title Bridge equipment and watchkeeping notes
260 ## - PUBLICATION, DISTRIBUTION, ETC. (IMPRINT)
Place of publication, distribution, etc []
Name of publisher, distributor, etc Edrich Fernandes
Date of publication, distribution, etc []
300 ## - PHYSICAL DESCRIPTION
Extent 71 p.: ill.
440 ## - SERIES STATEMENT/ADDED ENTRY--TITLE
Title Professional series: 2
650 ## - SUBJECT ADDED ENTRY--TOPICAL TERM
Topical term or geographic name as entry element Bridge equipments
650 ## - SUBJECT ADDED ENTRY--TOPICAL TERM
Topical term or geographic name as entry element Watchkeeping
650 ## - SUBJECT ADDED ENTRY--TOPICAL TERM
Topical term or geographic name as entry element Gyro compass
942 ## - ADDED ENTRY ELEMENTS (KOHA)
Item type Books
Holdings
Withdrawn status Lost status Source of classification or shelving scheme Damaged status Not for loan Collection code Permanent location Current location Shelving location Date acquired Total Checkouts Full call number Barcode Date last seen Date last borrowed Koha item type Public note
          Non-fiction IMU-MPC Library IMU-MPC Library General Stacks 2020-01-08 2 658.408 FER LBS11085 2025-03-17 2023-02-24 Books Column - 1
          Non-fiction IMU-MPC Library IMU-MPC Library General Stacks 2020-06-17 1 658.408 FER LBSD1992 2024-04-30 2024-04-18 Books Column - 15
Copyright © 2021 Indian Maritime University, Mumbai Port Campus. All Rights Reserved. Managed & Maintained by Central Library, IMU-Mumbai

webs counters

Powered by Koha